000 00376nam a2200133 i 4500
001 bg
100 1 _aKORZEŃ, Zbigniew
245 0 _aMechanika procesów przecinania ośrodka rozdrobnionego elementarnymi profilami liniowymi /
_cZbigniew Korzeń.
260 _aWrocław,
_c1981.
040 _cBPK
041 _apol
942 _cKS
008 s pl f |000 0 pol
999 _c20095
_d20095
856 _uhttp://koha.tu.koszalin.pl/cgi-bin/koha/opac-detail.pl?biblionumber=20095
_yKatalog online BPK